000 00491cam a2200181ua 4500
001 2504
008 110824n ii |||gr||||Z||||||eng
040 _cMAIN
082 _a338.9
100 1 _aGupta, Brij Gopal,
245 1 _aCommunity development projects:
_b& national extension service /
_cby Brij Gopal Gupta
250 _a2nd.
260 _a[s.l]:
_bNath Publishing House,955.
300 _a59p:9cm.
653 _aEconomics
653 _aCommunity development projects
942 _cBK
999 _c2358
_d2358